[Event "Texas-ch"]
[Site "San Antonio"]
[Date "1997.??.??"]
[Round "3"]
[White "Ardaman, Miles"]
[Black "Gelman, Michael"]
[Result "1/2-1/2"]
[WhiteElo "2430"]
[BlackElo "2097"]
[PlyCount "111"]
[EventDate "1997.??.??"]
[EventType "swiss"]
[EventRounds "6"]
[EventCountry "USA"]
[SourceTitle "EXT 1999"]
[Source "ChessBase"]
[SourceDate "1998.11.16"]
[SourceVersion "1"]
[SourceVersionDate "1998.11.16"]
[SourceQuality "1"]

1. e4 e6 2. d4 d5 3. Nc3 Bb4 4. Nge2 dxe4 5. a3 Be7 6. Nxe4 Nf6 7. N2g3 0-0 8. Be2 Nbd7 9. 0-0 Nxe4 10. Nxe4 Nf6 11. Bf3 Nxe4 12. Bxe4 Bf6 13. c3 Qe7 14. Re1 Rd8 15. Qf3 c6 16. Bf4 g6 17. Bc7 Rd7 18. Be5 Bg7 19. Qg3 Rd8 20. h4 Bxe5 21. dxe5 Bd7 22. Rad1 Be8 23. Rd6 Rd7 24. c4 f5 25. Bc2 c5 26. b4 Rc7 27. Qf4 Kg7 28. Re3 cxb4 29. axb4 a5 30. c5 axb4 31. Bb3 Ra1+ 32. Kh2 Bf7 33. h5 Ra5 34. Rh3 g5 35. h6+ Kf8 36. Qxb4 Raxc5 37. Rhd3 g4 38. g3 b5 39. Rd8+ Be8 40. R3d6 Rxe5 41. Qd4 Qf6 42. Kg2 Re7 43. R6d7 f4 44. gxf4 Rf5 45. Rxe7 Kxe7 46. Qd6+ Kf7 47. Rc8 Rxf4 48. Bxe6+ Kg6 49. Qd3+ Kxh6 50. Qe3 Qd4 51. Qxd4 Rxd4 52. Rxe8 Re4 53. Bd7 Rxe8 54. Bxe8 b4 55. Ba4 Kg5 56. f3 1/2-1/2